Top 100 Players in 2k23 (All Time Teams) - Statistics

General Stats
  • This quiz has been taken 44 times
  • The average score is 53 of 87
Answer Stats
Hint T Answer % Correct
99 CHI Michael Jordan
100%
97 LAL Jerry West
97%
98 LAL Kobe Bryant
97%
98 BOS Larry Bird
97%
99 MIA LeBron James
97%
98 LAL Magic Johnson
97%
98 DAL Dirk Nowitzki
94%
99 MIL Kareem Abdul-Jabbar
94%
98 BOS Bill Russell
91%
97 MIA Dwyane Wade
91%
98 HOU Hakeem Olajuwon
91%
97 OKC Kevin Durant
91%
98 LAL Shaquille O’Neal
91%
97 GSW Stephen Curry
91%
95 MIL Giannis Antetokounmpo
88%
98 MIN Kevin Garnett
88%
94 CLE Kyrie Irving
88%
98 SAS Tim Duncan
88%
97 BKN Julius Erving
85%
96 TOR Kawhi Leonard
85%
95 OKC Russell Westbrook
85%
97 CHI Scottie Pippen
85%
97 UTA John Stockton
82%
97 UTA Karl Malone
82%
97 PHI Moses Malone
82%
97 SAC Oscar Robertson
82%
97 NOP Chris Paul
79%
96 TOR Vince Carter
79%
98 LAL Wilt Chamberlain
79%
95 DEN Carmelo Anthony
76%
95 SAS David Robinson
76%
95 DEN David Thompson
76%
95 DET Isiah Thomas
76%
95 HOU James Harden
76%
96 PHI Allen Iverson
73%
94 SAS Tony Parker
73%
96 POR Clyde Drexler
70%
94 POR Damian Lillard
70%
95 BKN Jason Kidd
70%
94 NYK Patrick Ewing
70%
96 PHX Steve Nash
70%
94 DAL Luka Doncic
67%
94 OKC Ray Allen
67%
95 ORL Tracy McGrady
67%
95 CHI Derrick Rose
64%
95 ATL Dominique Wilkins
64%
95 BOS Bob Cousy
61%
94 PHX Dennis Johnson
61%
95 ATL Bob Pettit
58%
95 BOS John Havlicek
58%
93 CHI Dennis Rodman
55%
96 LAL Elgin Baylor
55%
94 OKC Gary Payton
55%
95 BOS Kevin McHale
55%
93 MEM Marc Gasol
52%
93 MEM Pau Gasol
52%
93 IND Paul George
52%
94 BOS Paul Pierce
52%
94 LAL Anthony Davis
48%
95 LAL James Worthy
48%
94 POR Bill Walton
45%
97 NYK Walt Frazier
45%
93 DET Chauncey Billups
42%
95 GSW Rick Barry
42%
93 NYK Willis Reed
39%
94 SAS George Gervin
36%
94 ORL Penny Hardaway
36%
93 DEN Alex English
33%
93 WAS Wes Unseld
33%
94 BOS Dave Cowens
30%
94 WAS Elvin Hayes
30%
93 DET Joe Dumars
30%
93 LAC Bob McAdoo
27%
94 GSW Chris Mullin
27%
93 MIA Alonzo Mourning
21%
94 LAL George Mikan
21%
95 SAC Jerry Lucas
21%
93 CLE Mark Price
21%
94 SAC Nate Archibald
21%
93 PHI Billy Cunningham
18%
93 WAS Gilbert Arenas
18%
93 MIL Sidney Moncrief
18%
94 PHI Dolph Schayes
15%
94 BOS Jo Jo White
15%
94 SAC Mitch Richmond
15%
94 UTA Pete Maravich
15%
94 AS Artis Gilmore
6%
No matching quizzes found
Score Distribution
Percent of People with Each Score
Percentile by Number Answered
Your Score History
You have not taken this quiz